[Event "SR 2. liga A 2004/2005"]
[Site "?"]
[Date "2005.02.05"]
[Round "8.7"]
[White "Peska, Juraj"]
[Black "Priam, Stefan"]
[Result "1/2-1/2"]
[WhiteElo "1848"]
[BlackElo "1862"]
[PlyCount "115"]
[EventDate "2004.??.??"]

1. c4 e5 2. Nc3 Nf6 3. g3 c6 4. Bg2 Be7 5. Nf3 d6 6. O-O O-O 7. d3 Nbd7 8. a3
Qc7 9. b4 a6 10. Bd2 Nb6 11. Qb3 d5 12. cxd5 cxd5 13. Rfc1 Qd6 14. Na4 Nxa4 15.
Qxa4 Bd7 16. Qb3 h6 17. Ra2 Be6 18. Rac2 Rac8 19. Rxc8 Rxc8 20. Rxc8+ Bxc8 21.
Qc3 Bg4 22. h3 d4 23. Qc2 Be6 24. e3 dxe3 25. Bxe3 Bf5 26. Bc5 Qc7 27. Qc3 Nd7
28. Bd4 Qxc3 29. Bxc3 f6 30. d4 b6 31. dxe5 fxe5 32. Nxe5 Nxe5 33. Bxe5 a5 34.
Bc3 Kf7 35. Kf1 g6 36. Ke2 h5 37. h4 Bd6 38. Bd5+ Be6 39. Bxe6+ Kxe6 40. Ke3
Kd5 41. Kd3 axb4 42. axb4 b5 43. Be1 Be5 44. f3 Bd6 45. g4 Bf4 46. gxh5 gxh5
47. Bc3 Bg3 48. Bf6 Be1 49. Be7 Ke6 50. Ke2 Bc3 51. Bc5 Bf6 52. Bf2 Be7 53. Be1
Kd5 54. Ke3 Kc4 55. f4 Kd5 56. Kd3 Bd6 57. f5 Be7 58. Ke3 1/2-1/2

[Event "SR 2. liga A 2004/2005"]
[Site "?"]
[Date "2005.02.05"]
[Round "8.7"]
[White "Zdrazil, Bohumir"]
[Black "Ac, Alexander"]
[Result "1/2-1/2"]
[WhiteElo "1965"]
[BlackElo "2088"]
[PlyCount "61"]
[EventDate "2004.??.??"]

1. e4 e5 2. Nf3 Nf6 3. Nxe5 d6 4. Nf3 Nxe4 5. d4 d5 6. Bd3 Bd6 7. O-O O-O 8. c4
c6 9. Qc2 Re8 10. Nc3 Bg4 11. Nxe4 dxe4 12. Bxe4 f5 13. Bxf5 Bxf3 14. gxf3 Qh4
15. f4 g6 16. Be4 Nd7 17. f3 Nf6 18. Qg2 Bxf4 19. Bxf4 Qxf4 20. Rfe1 Rad8 21.
Rad1 Rd7 22. Re2 Re5 23. Qf1 Rg5+ 24. Rg2 Nxe4 25. fxe4 Qxe4 26. Rxg5 Qe3+ 27.
Qf2 Qxg5+ 28. Qg3 Qf6 29. Qf2 Qg5+ 30. Qg3 Qf6 31. Qf2 1/2-1/2

[Event "SR 2. liga A 2004/2005"]
[Site "?"]
[Date "2005.02.05"]
[Round "8.8"]
[White "Halasz, Michal"]
[Black "Hertel, Ondrej"]
[Result "0-1"]
[WhiteElo "1840"]
[BlackElo "1911"]
[PlyCount "66"]
[EventDate "2004.??.??"]

1. d4 d5 2. c4 e6 3. Nc3 Nf6 4. Bg5 Nbd7 5. e3 c6 6. Nf3 Qa5 7. cxd5 exd5 8.
Bd3 Ne4 9. O-O Nxg5 10. Nxg5 Nf6 11. Nf3 Bg4 12. h3 Bxf3 13. Qxf3 Bb4 14. Rfc1
a6 15. a3 Be7 16. b4 Qd8 17. Rab1 O-O 18. a4 Bd6 19. b5 axb5 20. axb5 Ra3 21.
bxc6 bxc6 22. Qe2 Qa5 23. Qc2 Bb4 24. Nd1 Bd2 25. Bf1 Bxc1 26. Rxc1 Rc8 27. Nc3
Ra1 28. Bd3 Rxc1+ 29. Qxc1 Rb8 30. Bb1 g6 31. Na2 Rb6 32. f3 Qb5 33. Qc2 Qxb1+
0-1

[Event "SR 2. liga A 2004/2005"]
[Site "?"]
[Date "2005.02.05"]
[Round "8.8"]
[White "Holly, Milan"]
[Black "Povysil, Peter"]
[Result "1/2-1/2"]
[WhiteElo "1721"]
[BlackElo "2068"]
[PlyCount "149"]
[EventDate "2004.??.??"]

1. Nf3 Nf6 2. b3 e6 3. Bb2 Be7 4. c4 O-O 5. e3 c5 6. Be2 Nc6 7. O-O d5 8. cxd5
Nxd5 9. Nc3 Bf6 10. Rc1 Bd7 11. a3 Rc8 12. d4 Nxc3 13. Bxc3 cxd4 14. Nxd4 Nxd4
15. Bxd4 Rxc1 16. Qxc1 Bxd4 17. exd4 Qb6 18. b4 Rc8 19. Qb2 Qc7 20. Bf3 Bb5 21.
Rb1 Qf4 22. Bxb7 Rc7 23. g3 Qg5 24. Bf3 Ba4 25. Qe2 h6 26. Kg2 Rc2 27. Qe4 Qd2
28. Qa8+ Kh7 29. Be4+ f5 30. Bxc2 Bxc2 31. Rb2 Be4+ 32. Qxe4 Qxb2 33. Qxe6 Qxd4
34. Qxf5+ Kg8 35. Qc5 Qe4+ 36. f3 Qe2+ 37. Qf2 Qa6 38. Qb2 Qb5 39. Qb3+ Kh8 40.
Qe3 Qa4 41. g4 Qd7 42. h4 Kh7 43. Kg3 g6 44. Qe4 Kg7 45. h5 gxh5 46. gxh5 Qc7+
47. f4 Qc1 48. Qg6+ Kf8 49. Qxh6+ Kf7 50. Qg6+ Ke7 51. Qg7+ Ke6 52. Qe5+ Kf7
53. Qd5+ Kf6 54. Qf3 Qg1+ 55. Kh3 Qc1 56. b5 Qg1 57. a4 Qa1 58. Qe4 Qf1+ 59.
Qg2 Qxf4 60. Qg6+ Ke7 61. Qg7+ Ke8 62. Qxa7 Qf3+ 63. Kh2 Qxh5+ 64. Kg3 Qe5+ 65.
Kf3 Qd5+ 66. Ke3 Qe5+ 67. Kd3 Qf5+ 68. Kc4 Qf1+ 69. Kd5 Qf3+ 70. Kd6 Qf6+ 71.
Kc7 Qe5+ 72. Kb7 Qe4+ 73. Ka6 Qxa4+ 74. Kb7 Qxb5+ 75. Qb6 1/2-1/2

[Event "SR 2. liga A 2004/2005"]
[Site "?"]
[Date "2005.02.05"]
[Round "8.8"]
[White "Kolesar, Rastislav"]
[Black "Deak, Gabriel"]
[Result "1/2-1/2"]
[WhiteElo "1865"]
[BlackElo "2052"]
[PlyCount "88"]
[EventDate "2004.??.??"]

1. e4 c5 2. Nf3 Nc6 3. d4 cxd4 4. Nxd4 Nf6 5. Nc3 e5 6. Ndb5 d6 7. Bg5 a6 8.
Bxf6 gxf6 9. Na3 b5 10. Nd5 f5 11. Bd3 Be6 12. Ne3 f4 13. Nd5 Bg7 14. g3 Ne7
15. gxf4 Bxd5 16. exd5 exf4 17. Rb1 Qa5+ 18. Qd2 Qxd2+ 19. Kxd2 Rb8 20. Rhe1
Be5 21. c4 b4 22. Nc2 Kd7 23. Be4 b3 24. axb3 Rxb3 25. Ra1 Bxb2 26. Reb1 Rhb8
27. Rxa6 Bc3+ 28. Kd3 Rxb1 29. Kxc3 Rf1 30. Ra7+ Kd8 31. Nd4 Rxf2 32. Nc6+ Nxc6
33. dxc6 Rc8 34. Rxf7 Rxh2 35. Rxf4 Kc7 36. Rf7+ Kb6 37. Rb7+ Ka6 38. Rxh7 Rxh7
39. Bxh7 Kb6 40. Be4 Kc5 41. Bd5 Rh8 42. Kd3 Rh7 43. Kc3 Rh3+ 44. Kb2 Kb6
1/2-1/2

[Event "SR 2. liga A 2004/2005"]
[Site "?"]
[Date "2005.02.05"]
[Round "8.8"]
[White "Nagy, Marian"]
[Black "Diviak, Rastislav"]
[Result "1/2-1/2"]
[WhiteElo "1561"]
[BlackElo "1899"]
[PlyCount "118"]
[EventDate "2004.??.??"]

1. e4 d6 2. d4 Nf6 3. Nc3 g6 4. g3 Bg7 5. Nge2 O-O 6. Bg2 Nbd7 7. O-O c5 8.
dxc5 Nxc5 9. Be3 Qc7 10. Rb1 Bd7 11. Nd5 Nxd5 12. exd5 Bb5 13. Re1 Bxe2 14.
Qxe2 Rfe8 15. c3 Nd7 16. f4 Nf6 17. Rbd1 a6 18. Bf3 b5 19. a3 Nd7 20. Qf2 Rab8
21. Ba7 Rb7 22. Bd4 Bxd4 23. Rxd4 Nb6 24. Bg2 Qc5 25. f5 Nd7 26. fxg6 hxg6 27.
Rf1 Ne5 28. Kh1 Kg7 29. Rf4 Qxf2 30. R4xf2 Rc7 31. h3 Rc4 32. Rd1 Rh8 33. Kg1
Rhc8 34. Bf1 R4c5 35. Rdd2 Nd7 36. Rfe2 Ne5 37. Rf2 R5c7 38. a4 Rc5 39. axb5
axb5 40. h4 Rb8 41. Kg2 b4 42. cxb4 Rxb4 43. Be2 Rb3 44. Kh3 Ra5 45. Kg2 Ra2
46. Bd1 Rb4 47. b3 Ra5 48. Rf4 Rxf4 49. gxf4 Nd7 50. b4 Ra3 51. Rb2 Rd3 52. Bf3
Nb6 53. b5 Kf6 54. Be4 Rd4 55. Kf3 Rc4 56. Ke3 Rc1 57. Kf2 Rc3 58. Kg2 Kg7 59.
Bf3 Kf8 1/2-1/2

[Event "SR 2. liga A 2004/2005"]
[Site "?"]
[Date "2005.02.05"]
[Round "8.8"]
[White "Vyboch, Jozef"]
[Black "Cisar, Marian"]
[Result "1-0"]
[WhiteElo "1983"]
[BlackElo "1620"]
[PlyCount "39"]
[EventDate "2004.??.??"]

1. e4 c5 2. Nf3 Nc6 3. d4 cxd4 4. Nxd4 Nf6 5. Nc3 a6 6. f4 d6 7. Be2 Bd7 8. Be3
Qb6 9. Qd2 Qxb2 10. Rb1 Qa3 11. Rxb7 Nxd4 12. Qxd4 Rc8 13. Bd2 g6 14. e5 Bg7
15. Rb3 Qa5 16. Ne4 Qxa2 17. exf6 Bxf6 18. Nxf6+ exf6 19. Qxf6 O-O 20. Bc3 1-0

[Event "SR 2. liga A 2004/2005"]
[Site "?"]
[Date "2005.02.06"]
[Round "9.1"]
[White "Felcir, Jaroslav"]
[Black "Duriga, Stefan"]
[Result "1/2-1/2"]
[WhiteElo "2208"]
[BlackElo "2252"]
[PlyCount "115"]
[EventDate "2004.??.??"]

1. e4 g6 2. d4 c6 3. f4 d5 4. Nc3 dxe4 5. Nxe4 Bg7 6. c3 Qd5 7. Nf2 Nf6 8. Be2
O-O 9. Bf3 Qa5 10. Ne2 Be6 11. Nd3 Nbd7 12. O-O Rad8 13. Be3 Qc7 14. Qc1 Ng4
15. h3 Nxe3 16. Qxe3 Nf6 17. Rfe1 Rfe8 18. Qf2 b6 19. b4 Bd5 20. Ne5 e6 21. a3
c5 22. dxc5 bxc5 23. Rac1 Rc8 24. c4 Bxf3 25. Qxf3 cxb4 26. axb4 Qb6+ 27. Qf2
Qxb4 28. Qxa7 Re7 29. Qe3 Rec7 30. Red1 Bf8 31. Kh1 Bc5 32. Qf3 Qb2 33. Nc3 Qf2
34. Ne4 Nxe4 35. Qxe4 f5 36. Qe1 Qxf4 37. Nd3 Qe3 38. Nxc5 Qxe1+ 39. Rxe1 Rxc5
40. Rxe6 Rxc4 41. Rxc4 Rxc4 42. Re7 Re4 43. Ra7 h5 44. Kg1 Kf8 45. Kf2 Re7 46.
Ra6 Kf7 47. Kf3 Re4 48. Ra7+ Kf6 49. Ra6+ Kg5 50. Rb6 Ra4 51. Rb3 Kh4 52. Rb1
f4 53. Rb8 g5 54. Rh8 Ra3+ 55. Kf2 f3 56. gxf3 Ra2+ 57. Kf1 Rb2 58. Rh7 1/2-1/2

[Event "SR 2. liga A 2004/2005"]
[Site "?"]
[Date "2005.02.06"]
[Round "9.1"]
[White "Harasta, Vladimir"]
[Black "Rohacek, Miroslav"]
[Result "1/2-1/2"]
[WhiteElo "2140"]
[BlackElo "2239"]
[PlyCount "102"]
[EventDate "2004.??.??"]

1. c4 d6 2. d4 e5 3. Nf3 e4 4. Ng1 f5 5. h4 Be7 6. g3 c6 7. Nh3 Na6 8. Nc3 Nf6
9. Bg5 O-O 10. e3 Nc7 11. Nf4 Rb8 12. h5 Ne6 13. Nxe6 Bxe6 14. Qc2 h6 15. Bh4
d5 16. cxd5 cxd5 17. Be2 Bf7 18. Rc1 a6 19. Kf1 b5 20. Kg2 Rc8 21. a3 Qd7 22.
Qd2 Qe6 23. Bxf6 Qxf6 24. Na2 Qb6 25. Rxc8 Rxc8 26. Rc1 Rxc1 27. Qxc1 Be6 28.
Qc3 Kf7 29. b4 g5 30. hxg6+ Kxg6 31. Nc1 h5 32. Nb3 h4 33. Qc1 hxg3 34. fxg3
Bg5 35. Kf2 Qd6 36. Qg1 Bc8 37. Qh2 Qf8 38. Qh5+ Kf6 39. Nc5 Qg8 40. a4 bxa4
41. Nxa4 Bd7 42. Nc5 Bb5 43. Bxb5 axb5 44. Nd7+ Ke6 45. Ne5 Bf6 46. g4 fxg4 47.
Nxg4 Bg5 48. Ke2 Be7 49. Qh6+ Kf5 50. Qf4+ Ke6 51. Qh6+ Kf5 1/2-1/2

[Event "SR 2. liga A 2004/2005"]
[Site "?"]
[Date "2005.02.06"]
[Round "9.1"]
[White "Lesny, Stefan"]
[Black "Fraas, Martin"]
[Result "0-1"]
[WhiteElo "2077"]
[BlackElo "2194"]
[PlyCount "60"]
[EventDate "2004.??.??"]

1. e4 e5 2. Nf3 Nc6 3. Bc4 Nf6 4. Ng5 d5 5. exd5 Na5 6. Bb5+ c6 7. dxc6 bxc6 8.
Qf3 Rb8 9. Ba4 Rb4 10. Nc3 h6 11. Nh3 e4 12. Qe3 Be7 13. a3 Rd4 14. b4 Nc4 15.
Bxc6+ Kf8 16. Qe2 Bg4 17. f3 Bxh3 18. gxh3 Nh5 19. d3 exd3 20. cxd3 Rxd3 21.
Nd5 Rxd5 22. Bxd5 Qxd5 23. Qe4 Qxe4+ 24. fxe4 Bf6 25. Rb1 g6 26. Ke2 Kg7 27.
Be3 Nxe3 28. Kxe3 Be5 29. a4 Rc8 30. Rhc1 Rxc1 0-1

[Event "SR 2. liga A 2004/2005"]
[Site "?"]
[Date "2005.02.06"]
[Round "9.1"]
[White "Matejovic, Juraj"]
[Black "Bisco, Igor"]
[Result "1-0"]
[WhiteElo "2204"]
[BlackElo "2177"]
[PlyCount "56"]
[EventDate "2004.??.??"]

1. e4 e5 2. Nf3 Nc6 3. Bb5 a6 4. Bxc6 dxc6 5. O-O Bd6 6. d4 exd4 7. Qxd4 Be7 8.
Qxg7 Bf6 9. Qg3 Ne7 10. Qf4 Ng6 11. Qe3 Rg8 12. e5 Be7 13. Nc3 Bg4 14. g3 Qc8
15. Ne4 Qe6 16. b3 O-O-O 17. Bb2 Bxf3 18. Qxf3 Nh4 19. Qe2 f5 20. exf6 Rd2 21.
Qc4 Nf3+ 22. Kg2 Nh4+ 23. Kg1 Nf3+ 24. Kg2 Nh4+ 25. Kg1 Qh3 26. Qxg8+ Rd8 27.
Qxd8+ Bxd8 28. gxh4 Qf5 {este sa hrali styri tahy, ktore sa nedaju
zrekonstruovat a potom cierny prekorocil cas.} 1-0

[Event "SR 2. liga A 2004/2005"]
[Site "?"]
[Date "2005.02.06"]
[Round "9.1"]
[White "Polacik, Igor"]
[Black "Likavsky, Tomas"]
[Result "0-1"]
[WhiteElo "2014"]
[BlackElo "2465"]
[PlyCount "88"]
[EventDate "2004.??.??"]

1. e4 c5 2. Nf3 d6 3. c4 e5 4. Nc3 Nc6 5. d3 g6 6. Nd5 Bh6 7. Bxh6 Nxh6 8. Qd2
Ng8 9. h3 Kf8 10. Be2 Kg7 11. b4 Nf6 12. Nxf6 Qxf6 13. b5 Nd8 14. Qg5 Ne6 15.
Qxf6+ Kxf6 16. Kd2 g5 17. h4 g4 18. Ne1 Nd4 19. g3 a6 20. bxa6 Rxa6 21. Nc2 Be6
22. Rhb1 b6 23. Ne3 h5 24. Nd1 Bd7 25. Nc3 Bc6 26. Rb2 Ke7 27. Rab1 Rb8 28. Bd1
Kd7 29. Ne2 Nf3+ 30. Ke3 Kc7 31. Nc3 Nd4 32. Ne2 Rba8 33. Nc3 f5 34. a4 Rf8 35.
exf5 Nxf5+ 36. Kd2 Nd4 37. Ke1 Re8 38. a5 bxa5 39. Ba4 Bxa4 40. Rb7+ Kd8 41.
Rb8+ Ke7 42. Nd5+ Kf8 43. Nc7 Ra7 44. Nxe8 Bxe8 0-1

[Event "SR 2. liga A 2004/2005"]
[Site "?"]
[Date "2005.02.06"]
[Round "9.1"]
[White "Smolen, Jan"]
[Black "Biro, Karol"]
[Result "1-0"]
[WhiteElo "2306"]
[BlackElo "2227"]
[PlyCount "61"]
[EventDate "2004.??.??"]

1. e4 e6 2. d4 d5 3. Nc3 Bb4 4. e5 Ne7 5. Qg4 Nf5 6. Bd3 h5 7. Qf4 g5 8. Qxg5
Qxg5 9. Bxg5 Nxd4 10. O-O-O Nd7 11. f4 a6 12. Nge2 Nxe2+ 13. Nxe2 Be7 14. h4
Nc5 15. Rh3 Bd7 16. Rg3 Bb5 17. Kd2 Nd7 18. Bxe7 Kxe7 19. Rg5 Bxd3 20. cxd3
Rag8 21. Rh1 f6 22. exf6+ Nxf6 23. Re1 c5 24. f5 exf5 25. Nf4+ Kd7 26. Rxf5 Rh6
27. Rg5 c4 28. Nxd5 Rd8 29. dxc4 Kc6 30. Re6+ Kc5 31. Kc3 1-0

[Event "SR 2. liga A 2004/2005"]
[Site "?"]
[Date "2005.02.06"]
[Round "9.2"]
[White "Eged, Igor"]
[Black "Obdrzalkova, Anita"]
[Result "1-0"]
[WhiteElo "2107"]
[BlackElo "2137"]
[PlyCount "63"]
[EventDate "2004.??.??"]

1. Nf3 Nf6 2. c4 g6 3. Nc3 Bg7 4. g3 O-O 5. d4 c6 6. Bg2 d5 7. cxd5 cxd5 8. Ne5
a6 9. a4 e6 10. O-O Nfd7 11. Nf3 Nc6 12. h4 Nb6 13. Bf4 Nc4 14. b3 Nd6 15. Rc1
Na5 16. Ne5 Qb6 17. Rb1 Rd8 18. e3 Bf8 19. Bg5 Nf5 20. b4 Nc4 21. Bxd8 Qxd8 22.
Nxc4 dxc4 23. Ne4 Rb8 24. b5 b6 25. Qc2 axb5 26. axb5 Bb7 27. Qxc4 Bd5 28. Qd3
Kg7 29. Ng5 Bxg2 30. Kxg2 Qd5+ 31. Qe4 Qa2 32. Qe5+ 1-0

[Event "SR 2. liga A 2004/2005"]
[Site "?"]
[Date "2005.02.06"]
[Round "9.2"]
[White "Machalova, Maria"]
[Black "Horak, Ivan"]
[Result "1-0"]
[WhiteElo "2137"]
[BlackElo "2177"]
[PlyCount "131"]
[EventDate "2004.??.??"]

1. c4 e6 2. Nc3 d5 3. cxd5 exd5 4. d4 Nf6 5. Nf3 c6 6. Bf4 Bd6 7. Bxd6 Qxd6 8.
e3 O-O 9. Be2 Nbd7 10. O-O Re8 11. Qc2 Nf8 12. a3 Ne4 13. Bd3 f5 14. Ne5 g6 15.
f3 Nf6 16. b4 N6d7 17. f4 Nxe5 18. fxe5 Qe7 19. Ne2 Bd7 20. Nf4 Ne6 21. Nxe6
Qxe6 22. h4 Qe7 23. h5 Qg5 24. Qe2 Kg7 25. hxg6 hxg6 26. Qf3 Rh8 27. Qf4 Qe7
28. Qg3 Rh5 29. Be2 Rh4 30. Rf4 Rah8 31. Rxh4 Rxh4 32. Rc1 Rh8 33. Bd3 a6 34.
Rf1 Qh4 35. Qxh4 Rxh4 36. g3 Rh8 37. Rb1 Ra8 38. Kf2 Rh8 39. Kg2 Ra8 40. a4 Be8
41. Kf3 Bd7 42. Rc1 Rh8 43. Rc2 Rh1 44. b5 axb5 45. axb5 Kf7 46. bxc6 bxc6 47.
Ba6 Rb1 48. Kf4 Rb3 49. Be2 Ke7 50. Bd1 g5+ 51. Kf3 Rb1 52. Be2 Be8 53. Bd3
Bh5+ 54. Kf2 Bg4 55. Rxc6 Rd1 56. Bf1 f4 57. gxf4 gxf4 58. exf4 Rxd4 59. Kg3
Be6 60. Rd6 Rb4 61. Be2 Rb3+ 62. Bf3 Bf5 63. Kf2 Rb2+ 64. Ke3 Rb3+ 65. Ke2 Rb2+
66. Ke1 1-0

[Event "SR 2. liga A 2004/2005"]
[Site "?"]
[Date "2005.02.06"]
[Round "9.2"]
[White "Meszaros, Michal"]
[Black "Marko, Vladimir"]
[Result "1-0"]
[WhiteElo "2347"]
[BlackElo "2037"]
[PlyCount "81"]
[EventDate "2004.??.??"]

1. e4 e6 2. d4 d5 3. Nd2 c5 4. exd5 Qxd5 5. Ngf3 Nc6 6. Bc4 Qd8 7. Nb3 cxd4 8.
O-O Nf6 9. Nbxd4 Nxd4 10. Nxd4 Be7 11. c3 O-O 12. Qf3 Qc7 13. Bb3 a6 14. Re1
Rb8 15. a4 Bd6 16. h3 b6 17. Qc6 Bb7 18. Qxc7 Bxc7 19. Bg5 Nd5 20. Rad1 h6 21.
Bc1 Rbd8 22. g3 Kh7 23. Bc2+ g6 24. Be4 Ba8 25. h4 Nf6 26. Bxa8 Rxa8 27. Nc6
Rac8 28. Nb4 a5 29. Nc2 Rfd8 30. Nd4 Kg7 31. Nb5 Rxd1 32. Rxd1 Bb8 33. Be3 Nd5
34. Bd4+ f6 35. b3 Rc6 36. c4 Ne7 37. Be3 g5 38. Rd7 Kf7 39. Rb7 Be5 40. hxg5
hxg5 41. Bxb6 1-0

[Event "SR 2. liga A 2004/2005"]
[Site "?"]
[Date "2005.02.06"]
[Round "9.2"]
[White "Skreno, Vladimir"]
[Black "Chovanec, Vladimir"]
[Result "1/2-1/2"]
[WhiteElo "2180"]
[BlackElo "2077"]
[PlyCount "44"]
[EventDate "2004.??.??"]

1. d4 Nf6 2. Nf3 g6 3. c4 Bg7 4. Nc3 d5 5. e3 O-O 6. b4 b6 7. Ba3 c5 8. bxc5
bxc5 9. Bxc5 Na6 10. Ba3 Qa5 11. Bb2 Rb8 12. Qd2 Bf5 13. Rc1 Ne4 14. Nxe4 Qxd2+
15. Nexd2 Rxb2 16. a3 Rc8 17. Ra1 Nc5 18. dxc5 Rxd2 19. Kxd2 Bxa1 20. Nd4 Bb2
21. cxd5 Rxc5 22. Nxf5 gxf5 1/2-1/2

[Event "SR 2. liga A 2004/2005"]
[Site "?"]
[Date "2005.02.06"]
[Round "9.2"]
[White "Tepper, Frantisek"]
[Black "Minich, Peter"]
[Result "1-0"]
[WhiteElo "2228"]
[BlackElo "2210"]
[PlyCount "61"]
[EventDate "2004.??.??"]

1. e4 e5 2. Nf3 Nc6 3. Bc4 Be7 4. d4 d6 5. dxe5 Nxe5 6. Nxe5 dxe5 7. Qh5 g6 8.
Qxe5 f6 9. Qb5+ Kf8 10. Qb3 Kg7 11. Bf4 g5 12. Bg3 h5 13. h4 g4 14. Nd2 c6 15.
O-O-O Qb6 16. e5 Bf5 17. Rhe1 Nh6 18. Qc3 Rhe8 19. Bb3 Kg6 20. Nc4 Qb4 21. Nd6
Qxc3 22. bxc3 Red8 23. e6 b6 24. Bf4 Ng8 25. g3 a5 26. a4 b5 27. axb5 cxb5 28.
Nxf5 Kxf5 29. Bd5 Ra7 30. Be4+ Kxe6 31. Bg6# 1-0

[Event "SR 2. liga A 2004/2005"]
[Site "?"]
[Date "2005.02.06"]
[Round "9.3"]
[White "Bebiak, Jozef"]
[Black "Cambel, Vladimir"]
[Result "1-0"]
[WhiteElo "2122"]
[BlackElo "2060"]
[PlyCount "55"]
[EventDate "2004.??.??"]

1. e4 g6 2. f4 Bg7 3. Nf3 c5 4. Bc4 d6 5. O-O e6 6. Nc3 Nc6 7. d3 Nge7 8. Qe1
a6 9. f5 gxf5 10. exf5 Nxf5 11. Ng5 Ncd4 12. g4 Nxc2 13. Qe4 Be5 14. gxf5 Rg8
15. fxe6 Rxg5+ 16. Bxg5 Qxg5+ 17. Kh1 Qh5 18. exf7+ Kf8 19. Qg2 Bg4 20. Qxc2
Bf3+ 21. Rxf3 Qxf3+ 22. Qg2 Qxg2+ 23. Kxg2 b5 24. Bd5 Ra7 25. Kf3 Rd7 26. Rg1
Bg7 27. Ne4 h6 28. Ng3 1-0

[Event "SR 2. liga A 2004/2005"]
[Site "?"]
[Date "2005.02.06"]
[Round "9.3"]
[White "Bury, Rastislav"]
[Black "Cvicela, Anton"]
[Result "1-0"]
[WhiteElo "2043"]
[BlackElo "2148"]
[PlyCount "73"]
[EventDate "2004.??.??"]

1. c4 c6 2. g3 d5 3. b3 e5 4. Bg2 Be6 5. Qc2 Nd7 6. Bb2 e4 7. d3 f5 8. Nh3 Ngf6
9. Nf4 Bf7 10. h4 Bd6 11. Nh3 e3 12. f4 Nh5 13. Qc1 Qe7 14. Rg1 dxc4 15. bxc4
O-O-O 16. Bh1 Rhe8 17. Ng5 Nc5 18. Nc3 Ne6 19. Nxf7 Qxf7 20. Bf3 Nd4 21. Kf1
Nxf3 22. exf3 Bc5 23. Ke2 Bd6 24. Kf1 Nxg3+ 25. Rxg3 Bxf4 26. Ne2 Bxg3 27. Nxg3
Rxd3 28. Qc2 Rd2 29. Qc3 e2+ 30. Ke1 Rd7 31. Kf2 Qe7 32. Re1 Qxh4 33. Kg2 Rd1
34. Rxe2 Rxe2+ 35. Nxe2 Qh1+ 36. Kf2 Qf1+ 37. Ke3 1-0

[Event "SR 2. liga A 2004/2005"]
[Site "?"]
[Date "2005.02.06"]
[Round "9.3"]
[White "Cseto, Jan"]
[Black "Seitler, Andrej"]
[Result "0-1"]
[WhiteElo "2032"]
[BlackElo "2201"]
[PlyCount "76"]
[EventDate "2004.??.??"]

1. e4 e6 2. d4 d5 3. exd5 exd5 4. Nf3 Bd6 5. Bd3 Bg4 6. O-O Nc6 7. c4 Nf6 8.
Re1+ Be7 9. Be3 Nb4 10. Be2 dxc4 11. Ne5 Bxe2 12. Qxe2 O-O 13. Qxc4 c6 14. Nd2
Nbd5 15. Ndf3 Bd6 16. Rad1 Qc7 17. a3 Rae8 18. Bg5 Nd7 19. Nxd7 Qxd7 20. Qd3 f6
21. Bc1 Rxe1+ 22. Rxe1 Re8 23. Rxe8+ Qxe8 24. Kf1 Bc7 25. h3 g6 26. g3 Qe6 27.
Kg2 Bb6 28. Be3 Ne7 29. Nd2 Nf5 30. Qe4 Qxe4+ 31. Nxe4 Kf7 32. Nc5 Bxc5 33.
dxc5 Nxe3+ 34. fxe3 Ke6 35. e4 Ke5 36. Kf3 Kd4 37. b4 a5 38. h4 axb4 0-1

[Event "SR 2. liga A 2004/2005"]
[Site "?"]
[Date "2005.02.06"]
[Round "9.3"]
[White "Krajnak, Robert"]
[Black "Bezuch, Martin"]
[Result "0-1"]
[WhiteElo "2117"]
[BlackElo "2190"]
[PlyCount "140"]
[EventDate "2004.??.??"]

1. c4 e5 2. Nc3 Nf6 3. Nf3 Nc6 4. d3 Bb4 5. Bd2 O-O 6. e3 d5 7. cxd5 Nxd5 8.
Be2 Bg4 9. O-O Nb6 10. a3 Be7 11. Qc2 Qd7 12. Rfd1 a5 13. h3 Be6 14. b3 f5 15.
Na4 Qd5 16. Nxb6 cxb6 17. b4 axb4 18. axb4 e4 19. Rxa8 Rxa8 20. dxe4 fxe4 21.
Be1 Qf5 22. Nd4 Nxd4 23. Rxd4 Ra2 24. Qd1 Qf7 25. Bg4 Bb3 26. Qc1 Bf6 27. Rd6
b5 28. Qc8+ Qf8 29. Be6+ Bxe6 30. Qxe6+ Qf7 31. Qc8+ Qf8 32. Qxf8+ Kxf8 33. Kf1
Ra1 34. Ke2 Ra2+ 35. Rd2 Ra1 36. Rc2 Rb1 37. Rc7 Rb2+ 38. Kd1 Rb1+ 39. Kc2 Rb2+
40. Kd1 Rb1+ 41. Rc1 Rxc1+ 42. Kxc1 Ke7 43. Kc2 Ke6 44. f4 g6 45. g4 Kd5 46.
Bc3 Bd8 47. Bd4 Ke6 48. Kc3 Kf7 49. Bc5 Bf6+ 50. Kd2 Ke6 51. Bd4 Be7 52. Kc3
Bd8 53. Kd2 Be7 54. Kc3 Bd8 55. Bc5 Bf6+ 56. Kd2 Bd8 57. Ke2 Bf6 58. Kf2 Bc3
59. Ke2 Kd5 60. h4 Ke6 61. Kf2 Bd2 62. Kg3 Be1+ 63. Kh3 b6 64. Bxb6 Bxb4 65.
Bd4 Ba3 66. Kg3 Bc1 67. f5+ gxf5 68. g5 Ba3 69. h5 Bd6+ 70. Kf2 Kf7 0-1

[Event "SR 2. liga A 2004/2005"]
[Site "?"]
[Date "2005.02.06"]
[Round "9.3"]
[White "Kralovic, Andrej"]
[Black "Hartl, Jan"]
[Result "1-0"]
[WhiteElo "2062"]
[BlackElo "2158"]
[PlyCount "139"]
[EventDate "2004.??.??"]

1. e4 d5 2. exd5 Nf6 3. Nc3 Nxd5 4. Bc4 c6 5. Qf3 e6 6. Nge2 Be7 7. d3 b5 8.
Bb3 a5 9. Nxd5 exd5 10. c3 Nd7 11. Bf4 Nf6 12. h3 O-O 13. O-O h6 14. Ng3 a4 15.
Bc2 a3 16. b4 d4 17. Be5 dxc3 18. Qxc6 Qd5 19. Qxc3 Bb7 20. Ne4 Bxb4 21. Qxb4
Qxe5 22. d4 Qf4 23. Nxf6+ Qxf6 24. Rfe1 Rfd8 25. Qxb5 Bd5 26. Qd3 g6 27. Qd2
Kg7 28. Qe3 Re8 29. Qd3 Rec8 30. Bb3 Bb7 31. d5 Rc3 32. Qd2 Rd8 33. Rac1 Rxb3
34. axb3 Rxd5 35. Qc3 Rd4 36. Rcd1 Rxd1 37. Qxf6+ Kxf6 38. Rxd1 a2 39. Ra1 Bd5
40. Rxa2 Bxb3 41. Ra8 Bd5 42. Rd8 Be6 43. Rh8 Kg7 44. Rb8 h5 45. h4 Bd7 46. Kh2
Be6 47. Kg3 Bd7 48. Kf4 Be6 49. g3 Bc4 50. Ke5 Ba2 51. Kf4 Bd5 52. f3 Ba2 53.
Rb7 Bd5 54. Rc7 Ba2 55. Ke5 Bb3 56. Kd6 Be6 57. Ke7 Bd5 58. f4 Bb3 59. Rb7 Bd5
60. Rb6 Bc4 61. f5 gxf5 62. Rf6 Bb3 63. Rxf5 Kg6 64. Rg5+ Kh6 65. Kf6 Bc4 66.
Rg7 Be2 67. Rxf7 Bd1 68. Rf8 Bc2 69. Rh8+ Bh7 70. Rxh7+ 1-0

[Event "SR 2. liga A 2004/2005"]
[Site "?"]
[Date "2005.02.06"]
[Round "9.3"]
[White "Provaznik, Michal"]
[Black "Machalova, Veronika"]
[Result "1/2-1/2"]
[WhiteElo "2192"]
[BlackElo "2168"]
[PlyCount "126"]
[EventDate "2004.??.??"]

1. e4 c5 2. Nf3 d6 3. d4 cxd4 4. Nxd4 Nf6 5. Bd3 Nc6 6. Nxc6 bxc6 7. O-O e5 8.
c4 Be7 9. Nc3 O-O 10. Bg5 Rb8 11. Qd2 Be6 12. b3 h6 13. Be3 Qc7 14. Be2 Rbd8
15. Rac1 Qb7 16. Bf3 Rd7 17. h3 Rc7 18. Rfd1 Rd8 19. Qb2 Bxc4 20. Qc2 Be6 21.
Nd5 Bxd5 22. exd5 c5 23. Qd3 Ra8 24. g4 Qc8 25. Rc4 Nd7 26. Rdc1 Qa6 27. Qd2
Nb6 28. R4c2 Rac8 29. Be4 Qb5 30. Bxh6 Bf8 31. Be3 Qe8 32. Bf5 Rd8 33. b4 g6
34. Be4 Nd7 35. g5 Rdc8 36. Kg2 Qd8 37. b5 Bg7 38. a4 Rb7 39. Rb1 Ra8 40. a5
Qc7 41. Qc3 Rab8 42. Rcb2 Qd8 43. Bd2 Qe7 44. Qg3 Qe8 45. a6 Rc7 46. Ba5 Nb6
47. h4 Re7 48. Bxb6 Rxb6 49. h5 gxh5 50. Qh3 c4 51. Qxh5 c3 52. Rb3 Rc7 53. g6
fxg6 54. Bxg6 Qa8 55. Qh7+ Kf8 56. Be4 Qd8 57. Qg6 Bf6 58. Kf3 Rg7 59. Qh6 Bg5
60. Qh8+ Rg8 61. Qh7 Rg7 62. Qh8+ Rg8 63. Qh7 Rg7 1/2-1/2

[Event "SR 2. liga A 2004/2005"]
[Site "?"]
[Date "2005.02.06"]
[Round "9.3"]
[White "Szitkey, Milan"]
[Black "Petreje, Juraj"]
[Result "1/2-1/2"]
[WhiteElo "2217"]
[BlackElo "2192"]
[PlyCount "143"]
[EventDate "2004.??.??"]

1. e4 c6 2. d4 d5 3. Nd2 dxe4 4. Nxe4 g6 5. Nf3 Bg7 6. Be2 Nd7 7. O-O Ngf6 8.
Nxf6+ Nxf6 9. c4 O-O 10. b3 Qc7 11. Bb2 Bf5 12. Bd3 Bxd3 13. Qxd3 Rad8 14. Rfe1
Rfe8 15. h3 h6 16. Rad1 Nd7 17. Qe3 a6 18. Bc3 Kh7 19. d5 Bxc3 20. Qxc3 cxd5
21. Rxd5 Nf8 22. Qe5 Qxe5 23. Nxe5 Rxd5 24. cxd5 Kg7 25. Rc1 f6 26. Nd3 Rd8 27.
Rc7 Rd7 28. Rxd7 Nxd7 29. Kf1 Kf7 30. Ke2 e6 31. dxe6+ Kxe6 32. Ke3 Kd6 33. Kd4
b6 34. Nb4 Nc5 35. g3 a5 36. Nc2 b5 37. b4 axb4 38. Nxb4 Ne6+ 39. Kc3 Ng5 40.
Nd3 Nxh3 41. Kd4 Ng5 42. Nf4 Nf3+ 43. Kc3 Ne5 44. Kb4 Kc6 45. Kc3 Kc5 46. Ne6+
Kd5 47. Nc7+ Kc6 48. Ne6 g5 49. f4 gxf4 50. Nxf4 Kc5 51. Ne6+ Kd5 52. Nc7+ Kc6
53. Ne6 Kb6 54. Nd4 Ka5 55. Nf5 Ng4 56. Kb3 b4 57. Nd4 Ne5 58. Nf5 Nf7 59. Nd4
Nd6 60. Nc6+ Kb5 61. Nxb4 Ne4 62. Nd5 Kc5 63. Nf4 Nxg3 64. Kc3 h5 65. Kd3 h4
66. Ke3 f5 67. Nh3 Nh5 68. Kf3 Kd4 69. Nf2 Kc3 70. Nd1+ Kb4 71. Ne3 Ng7 72. Nd1
1/2-1/2